00540nam a22000977a 4500008004100000040005500041080001500096245025100111260006900362650001100431230410b |||||||| |||| 00| 0 eng d aNational Science LibrarycNational Science Library a338(4)bK0 aEconomic survey of Europe in 1959: bIncluding studies of the economic significance of the public sector in some western European economies, and development problems in southern Europe and Irelandc/ United Nations, Economic Commission for Europe aGeneva: bUnited Nations, Economic Commission for Europe, c1960 aEurope